[Event "DVM U16 2018"]
[Site "Aurich GER"]
[Date "2018.12.27"]
[Round "1"]
[White "Kolzenburg, Jan Niklas"]
[Black "Gluma, Christian"]
[Result "0-1"]
[Termination "normal"]
[Board "2.4"]
[WhiteElo "1379"]
[BlackElo "1711"]
[WhiteClock "00:01:25"]
[BlackClock "00:20:07"]
[WhiteTeam "SF Neuberg"]
[BlackTeam "SG Bochum"]
[PlyCount "124"]
[WhiteFideId "16274830"]
[BlackFideId "16223209"]
[EventCountry "GER"]
[EventRounds "7"]
[EventType "team-swiss"]
[EventDate "2018.12.26"]

1. e4 {[%clk 01:30:55]} {[%emt 00:00:04]} e6 {[%clk 01:30:54]} {[%emt
00:00:07]} 2. Nf3 {[%clk 01:29:32]} {[%emt 00:01:52]} d5 {[%clk 01:31:13]}
{[%emt 00:00:11]} 3. exd5 {[%emt 00:00:18]} exd5 {[%emt 00:00:18]} 4. d4 {[%clk
01:30:00]} {[%emt 00:00:03]} Nf6 {[%clk 01:31:47]} {[%emt 00:00:19]} 5. Bd3
{[%clk 01:26:20]} {[%emt 00:04:11]} Bg4 {[%clk 01:28:42]} {[%emt 00:03:35]} 6.
O-O {[%clk 01:20:24]} {[%emt 00:06:26]} Be7 {[%clk 01:28:52]} {[%emt 00:00:19]}
7. Bf4 {[%clk 01:18:56]} {[%emt 00:01:58]} Ne4 {[%clk 01:21:14]} {[%emt
00:08:08]} 8. Nbd2 {[%clk 01:05:45]} {[%emt 00:13:41]} f5 {[%clk 01:19:27]}
{[%emt 00:02:17]} 9. c3 {[%clk 00:57:13]} {[%emt 00:09:03]} Nd7 {[%clk
01:10:18]} {[%emt 00:09:39]} 10. Qb3 {[%clk 00:49:00]} {[%emt 00:08:43]} Nb6
{[%clk 01:09:19]} {[%emt 00:01:29]} 11. h3 {[%clk 00:45:58]} {[%emt 00:03:32]}
Bh5 {[%emt 00:04:00]} 12. Bxe4 {[%clk 00:37:52]} {[%emt 00:08:14]} fxe4 {[%clk
01:03:10]} {[%emt 00:03:32]} 13. Ne5 {[%emt 00:02:30]} O-O {[%clk 01:01:25]}
{[%emt 00:02:00]} 14. Be3 {[%clk 00:33:11]} Kh8 {[%clk 00:52:45]} {[%emt
00:12:35]} 15. f3 {[%clk 00:26:14]} exf3 {[%clk 00:48:09]} {[%emt 00:12:32]}
16. Ndxf3 {[%clk 00:25:19]} Bf6 {[%clk 00:39:25]} {[%emt 00:10:40]} 17. g4
{[%clk 00:17:39]} Be8 {[%clk 00:38:14]} {[%emt 00:09:50]} 18. Qc2 {[%clk
00:12:53]} Bb5 {[%clk 00:37:03]} {[%emt 00:06:57]} 19. Rf2 {[%clk 00:12:39]}
Nd7 {[%clk 00:30:50]} {[%emt 00:07:27]} 20. Bf4 {[%clk 00:09:00]} Nxe5 {[%clk
00:27:06]} {[%emt 00:10:31]} 21. Bxe5 {[%clk 00:08:43]} {[%emt 00:00:48]} Bxe5
{[%clk 00:20:03]} {[%emt 00:07:33]} 22. Nxe5 {[%clk 00:09:04]} {[%emt
00:00:09]} Qh4 {[%clk 00:18:43]} {[%emt 00:01:50]} 23. Kg2 {[%clk 00:08:49]}
{[%emt 00:00:44]} Kg8 {[%clk 00:15:43]} {[%emt 00:03:30]} 24. a4 {[%clk
00:08:44]} {[%emt 00:00:36]} Rxf2+ {[%clk 00:11:02]} {[%emt 00:05:12]} 25. Qxf2
{[%clk 00:08:55]} {[%emt 00:00:19]} Qxf2+ {[%clk 00:11:16]} {[%emt 00:00:15]}
26. Kxf2 {[%clk 00:09:23]} {[%emt 00:00:03]} Rf8+ {[%clk 00:11:19]} {[%emt
00:00:26]} 27. Kg2 {[%clk 00:09:13]} {[%emt 00:00:40]} Ba6 {[%clk 00:09:56]}
{[%emt 00:01:53]} 28. Nd7 {[%clk 00:09:27]} {[%emt 00:00:16]} Re8 {[%clk
00:09:47]} {[%emt 00:00:39]} 29. Ne5 {[%clk 00:09:49]} {[%emt 00:00:09]} c5
{[%clk 00:08:54]} {[%emt 00:01:23]} 30. Rd1 {[%clk 00:09:55]} {[%emt 00:00:24]}
cxd4 {[%clk 00:08:32]} {[%emt 00:00:52]} 31. cxd4 {[%clk 00:10:12]} {[%emt
00:00:13]} Rc8 {[%clk 00:07:45]} {[%emt 00:01:16]} 32. Rd2 {[%clk 00:07:47]}
{[%emt 00:02:55]} Bc4 {[%clk 00:06:17]} {[%emt 00:01:58]} 33. Nxc4 {[%clk
00:04:27]} {[%emt 00:03:51]} Rxc4 {[%clk 00:06:37]} {[%emt 00:00:09]} 34. a5
{[%clk 00:03:03]} {[%emt 00:01:55]} Ra4 {[%clk 00:06:24]} {[%emt 00:00:43]} 35.
Kf2 {[%clk 00:02:51]} {[%emt 00:00:42]} Rxa5 {[%clk 00:06:07]} {[%emt
00:00:47]} 36. Rc2 {[%clk 00:02:10]} {[%emt 00:01:11]} Rb5 {[%clk 00:05:05]}
{[%emt 00:01:31]} 37. h4 {[%clk 00:00:57]} {[%emt 00:01:43]} h6 {[%clk
00:02:01]} {[%emt 00:03:34]} 38. Ke2 {[%clk 00:00:45]} {[%emt 00:00:43]} a5
{[%clk 00:01:35]} {[%emt 00:00:56]} 39. Rd2 {[%clk 00:00:58]} {[%emt 00:00:16]}
Rb3 {[%clk 00:01:37]} {[%emt 00:00:27]} 40. Kf2 {[%clk 00:00:55]} {[%emt
00:00:34]} a4 {[%clk 00:01:50]} {[%emt 00:00:17]} 41. Ke2 {[%clk 00:00:33]}
{[%emt 00:00:52]} b5 {[%clk 00:02:03]} {[%emt 00:00:17]} 42. Rc2 {[%clk
00:28:11]} {[%emt 00:03:21]} b4 {[%clk 00:32:22]} {[%emt 00:00:42]} 43. Kd2
{[%clk 00:19:18]} {[%emt 00:09:23]} Kf7 {[%clk 00:28:45]} {[%emt 00:04:07]} 44.
Rc7+ {[%clk 00:18:19]} {[%emt 00:01:29]} Ke8 {[%clk 00:27:16]} {[%emt
00:01:58]} 45. Kc2 {[%clk 00:18:11]} {[%emt 00:00:38]} Rh3 {[%clk 00:24:46]}
{[%emt 00:03:00]} 46. Ra7 {[%clk 00:15:04]} {[%emt 00:03:36]} b3+ {[%clk
00:24:07]} {[%emt 00:01:11]} 47. Kd2 {[%clk 00:13:45]} {[%emt 00:01:50]} Rxh4
{[%clk 00:23:23]} {[%emt 00:01:14]} 48. Rxa4 {[%clk 00:08:46]} {[%emt
00:05:29]} Rxg4 {[%clk 00:23:31]} {[%emt 00:00:22]} 49. Kc3 {[%clk 00:08:20]}
{[%emt 00:00:55]} Rg3+ {[%clk 00:22:45]} {[%emt 00:01:16]} 50. Kb4 {[%clk
00:08:21]} {[%emt 00:00:23]} h5 {[%clk 00:21:40]} {[%emt 00:01:40]} 51. Ra5
{[%clk 00:06:59]} {[%emt 00:01:50]} h4 {[%clk 00:21:07]} {[%emt 00:01:06]} 52.
Rxd5 {[%clk 00:06:33]} {[%emt 00:00:56]} g5 {[%clk 00:20:42]} {[%emt 00:00:54]}
53. Rd6 {[%clk 00:05:17]} {[%emt 00:01:42]} h3 {[%clk 00:19:47]} {[%emt
00:01:29]} 54. Rh6 {[%clk 00:05:34]} {[%emt 00:00:12]} g4 {[%clk 00:19:47]}
{[%emt 00:00:31]} 55. Rh4 {[%clk 00:02:01]} {[%emt 00:04:03]} Rg2 {[%clk
00:18:24]} {[%emt 00:01:53]} 56. Kxb3 {[%clk 00:02:17]} {[%emt 00:00:14]} h2
{[%clk 00:18:43]} {[%emt 00:00:10]} 57. d5 {[%clk 00:02:17]} {[%emt 00:00:31]}
Rg3+ {[%clk 00:18:50]} {[%emt 00:00:22]} 58. Kc4 {[%clk 00:01:42]} {[%emt
00:01:04]} Rh3 {[%clk 00:19:06]} {[%emt 00:00:15]} 59. Rxh3 {[%clk 00:01:39]}
{[%emt 00:00:34]} gxh3 {[%clk 00:19:25]} {[%emt 00:00:11]} 60. b4 {[%clk
00:01:20]} {[%emt 00:00:49]} h1=Q {[%clk 00:19:47]} {[%emt 00:00:06]} 61. Kc5
{[%clk 00:01:37]} {[%emt 00:00:15]} Qg1+ {[%clk 00:20:07]} {[%emt 00:00:10]}
62. Kc6 {[%clk 00:01:25]} {[%emt 00:00:42]} h2 {[%emt 00:02:24]} 0-1

[Event "DVM U16 2018"]
[Site "Aurich GER"]
[Date "2018.12.27"]
[Round "1"]
[White "Runte, Moritz"]
[Black "Garbuz, Vitaliy"]
[Result "1/2-1/2"]
[Termination "normal"]
[Board "3.1"]
[WhiteElo "1963"]
[BlackElo "2119"]
[WhiteClock "00:09:48"]
[BlackClock "00:34:56"]
[WhiteTeam "SV Hemer"]
[BlackTeam "SF Brackel"]
[PlyCount "78"]
[WhiteFideId "12991449"]
[BlackFideId "12990710"]
[EventCountry "GER"]
[EventRounds "7"]
[EventType "team-swiss"]
[EventDate "2018.12.26"]

1. d4 {[%clk 01:30:56]} d5 {[%clk 01:30:54]} 2. Nf3 {[%clk 01:31:20]} e6 {[%clk
01:31:07]} 3. c4 {[%clk 01:31:18]} c6 {[%clk 01:31:29]} 4. e3 {[%clk 01:30:48]}
Nf6 {[%clk 01:30:40]} 5. Bd3 {[%clk 01:28:42]} Bd6 {[%clk 01:29:18]} 6. b3
{[%clk 01:26:11]} Nbd7 {[%clk 01:29:28]} 7. Bb2 {[%clk 01:25:24]} Qe7 {[%clk
01:29:22]} 8. Ne5 {[%clk 01:23:30]} Nxe5 {[%clk 01:25:05]} 9. dxe5 {[%clk
01:23:47]} Bb4+ {[%clk 01:25:30]} 10. Nd2 {[%clk 01:23:03]} Nd7 {[%clk
01:25:18]} 11. O-O {[%clk 01:18:38]} a5 {[%clk 01:24:01]} 12. a3 {[%clk
01:13:44]} Bc5 {[%clk 01:24:02]} 13. Qh5 {[%clk 01:10:47]} h6 {[%clk 01:21:01]}
14. cxd5 {[%clk 01:09:31]} cxd5 {[%clk 01:21:28]} 15. e4 {[%clk 01:05:55]} Qg5
{[%clk 01:09:57]} 16. Qxg5 {[%clk 01:03:52]} hxg5 {[%clk 01:10:26]} 17. exd5
{[%clk 01:03:11]} exd5 {[%clk 01:10:39]} 18. Rac1 {[%clk 00:50:16]} b6 {[%clk
01:06:51]} 19. Bb5 {[%clk 00:49:11]} Ba6 {[%clk 01:01:58]} 20. Bxa6 {[%clk
00:47:17]} Rxa6 {[%clk 01:02:26]} 21. b4 {[%clk 00:46:07]} axb4 {[%clk
01:02:53]} 22. axb4 {[%clk 00:46:30]} Be7 {[%clk 01:03:14]} 23. Rc8+ {[%clk
00:43:16]} Bd8 {[%clk 01:03:25]} 24. e6 {[%clk 00:42:47]} fxe6 {[%clk
01:03:27]} 25. Bxg7 Rg8 {[%clk 01:02:41]} 26. Bd4 {[%clk 00:39:41]} {[%emt
00:01:11]} e5 {[%clk 01:02:47]} {[%emt 00:00:24]} 27. Re1 {[%clk 00:39:25]}
{[%emt 00:00:46]} Kf7 {[%clk 00:54:39]} {[%emt 00:08:37]} 28. Bxe5 {[%clk
00:36:22]} {[%emt 00:03:34]} Re8 {[%clk 00:54:10]} {[%emt 00:00:58]} 29. f4
{[%clk 00:35:48]} {[%emt 00:01:05]} gxf4 {[%clk 00:53:41]} {[%emt 00:00:59]}
30. Nf3 {[%clk 00:35:48]} {[%emt 00:00:29]} b5 {[%clk 00:52:12]} {[%emt
00:01:58]} 31. Kf1 {[%clk 00:32:51]} {[%emt 00:03:27]} Nxe5 {[%clk 00:47:25]}
{[%emt 00:05:16]} 32. Nxe5+ {[%clk 00:32:05]} {[%emt 00:01:16]} Kg7 {[%clk
00:47:41]} {[%emt 00:00:14]} 33. Nd3 {[%clk 00:20:00]} {[%emt 00:12:36]} Rxe1+
{[%clk 00:46:35]} {[%emt 00:01:36]} 34. Kxe1 {[%clk 00:18:01]} {[%emt
00:02:30]} Be7 {[%clk 00:39:42]} {[%emt 00:09:29]} 35. Ke2 {[%clk 00:09:26]}
{[%emt 00:09:05]} Ra2+ {[%clk 00:36:48]} {[%emt 00:03:25]} 36. Kf3 {[%clk
00:09:24]} {[%emt 00:00:32]} Ra3 {[%clk 00:37:14]} {[%emt 00:00:03]} 37. Ke2
{[%clk 00:09:42]} {[%emt 00:00:12]} Ra2+ {[%clk 00:35:59]} {[%emt 00:01:46]}
38. Kf3 {[%clk 00:09:28]} {[%emt 00:00:44]} Ra3 {[%clk 00:36:19]} {[%emt
00:00:10]} 39. Ke2 {[%clk 00:09:48]} {[%emt 00:00:10]} Ra2+ {[%clk 00:34:56]}
{[%emt 00:01:54]} 1/2-1/2

[Event "DVM U16 2018"]
[Site "Aurich GER"]
[Date "2018.12.27"]
[Round "1"]
[White "Kartsev, Nikolay"]
[Black "Leonard, Timo"]
[Result "0-1"]
[Termination "normal"]
[Board "3.2"]
[WhiteElo "2055"]
[BlackElo "1833"]
[WhiteClock "00:39:33"]
[BlackClock "01:03:18"]
[WhiteTeam "SF Brackel"]
[BlackTeam "SV Hemer"]
[PlyCount "66"]
[WhiteFideId "12939536"]
[BlackFideId "16208757"]
[EventCountry "GER"]
[EventRounds "7"]
[EventType "team-swiss"]
[EventDate "2018.12.26"]

1. e4 {[%clk 01:30:19]} {[%emt 00:00:40]} e6 {[%clk 01:30:54]} {[%emt
00:00:06]} 2. d4 {[%clk 01:30:40]} {[%emt 00:00:09]} d5 {[%clk 01:31:21]}
{[%emt 00:00:04]} 3. e5 {[%clk 01:31:01]} {[%emt 00:00:08]} c5 {[%clk
01:31:48]} {[%emt 00:00:04]} 4. c3 {[%clk 01:31:23]} {[%emt 00:00:07]} Bd7
{[%clk 01:32:16]} {[%emt 00:00:02]} 5. Nf3 {[%clk 01:31:36]} {[%emt 00:00:17]}
a6 {[%clk 01:32:44]} {[%emt 00:00:04]} 6. a3 {[%clk 01:31:41]} {[%emt
00:00:24]} cxd4 {[%clk 01:32:56]} {[%emt 00:00:18]} 7. cxd4 {[%clk 01:31:57]}
{[%emt 00:00:14]} Bb5 {[%clk 01:33:13]} {[%emt 00:00:14]} 8. Be2 {[%clk
01:31:18]} {[%emt 00:01:07]} Bxe2 {[%clk 01:32:36]} {[%emt 00:01:07]} 9. Qxe2
{[%clk 01:31:47]} {[%emt 00:00:02]} Nc6 {[%clk 01:32:59]} {[%emt 00:00:08]} 10.
O-O {[%clk 01:30:10]} {[%emt 00:02:05]} Nge7 {[%clk 01:29:19]} {[%emt
00:04:11]} 11. b4 {[%clk 01:16:16]} {[%emt 00:14:24]} Nf5 {[%clk 01:27:03]}
{[%emt 00:02:45]} 12. Bb2 {[%clk 01:11:16]} {[%emt 00:05:30]} g5 {[%clk
01:10:38]} {[%emt 00:16:55]} 13. Nbd2 {[%clk 00:39:04]} {[%emt 00:32:42]} g4
{[%clk 01:03:18]} {[%emt 00:07:50]} 14. Ne1 {[%emt 00:00:02]} Ncxd4 15. Qxg4 h5
16. Qd1 Qg5 17. Ndf3 Nxf3+ 18. Nxf3 Qg4 19. h3 Qg6 20. Qa4+ b5 21. Qc2 Ne7 22.
Qc7 Rg8 23. g3 Qf5 24. Kg2 Bh6 25. Qb7 Rc8 26. Bd4 Kf8 27. Bc5 Rxc5 28. bxc5
Ng6 29. Ng1 Nh4+ 30. Kh2 Qe4 31. Qa8+ Kg7 32. Qxg8+ Kxg8 33. gxh4 {[%clk
00:39:33]} Bf4# *

[Event "DVM U16 2018"]
[Site "Aurich GER"]
[Date "2018.12.27"]
[Round "1"]
[White "Trinh, Fabian Dat"]
[Black "Kracht, Raphael"]
[Result "1/2-1/2"]
[Termination "normal"]
[Board "3.3"]
[WhiteElo "1751"]
[BlackElo "2047"]
[WhiteClock "00:10:08"]
[BlackClock "00:02:22"]
[WhiteTeam "SV Hemer"]
[BlackTeam "SF Brackel"]
[PlyCount "67"]
[WhiteFideId "16243641"]
[BlackFideId "16214382"]
[EventCountry "GER"]
[EventRounds "7"]
[EventType "team-swiss"]
[EventDate "2018.12.26"]

1. d4 {[%clk 01:30:58]} {[%emt 00:00:01]} Nf6 {[%clk 01:30:55]} {[%emt
00:00:06]} 2. Bf4 {[%clk 01:31:21]} {[%emt 00:00:08]} g6 {[%clk 01:31:20]}
{[%emt 00:00:04]} 3. e3 {[%clk 01:31:35]} {[%emt 00:00:15]} Bg7 {[%clk
01:31:46]} {[%emt 00:00:05]} 4. Nf3 {[%clk 01:31:44]} {[%emt 00:00:20]} O-O
{[%clk 01:32:07]} {[%emt 00:00:09]} 5. Be2 {[%clk 01:31:56]} {[%emt 00:00:18]}
d6 {[%clk 01:32:16]} {[%emt 00:00:21]} 6. h3 {[%clk 01:31:38]} {[%emt
00:00:49]} c5 {[%clk 01:32:18]} {[%emt 00:00:28]} 7. c3 {[%clk 01:31:42]}
{[%emt 00:00:26]} b6 {[%clk 01:32:37]} {[%emt 00:00:11]} 8. Nbd2 {[%clk
01:30:56]} {[%emt 00:01:15]} Bb7 {[%clk 01:33:01]} {[%emt 00:00:06]} 9. O-O
{[%clk 01:29:47]} {[%emt 00:01:40]} Nbd7 {[%clk 01:33:17]} {[%emt 00:00:14]}
10. a4 {[%clk 01:27:35]} {[%emt 00:02:42]} a6 {[%clk 01:32:12]} {[%emt
00:01:34]} 11. Qb3 {[%clk 01:23:00]} {[%emt 00:05:05]} e5 {[%clk 01:29:04]}
{[%emt 00:03:38]} 12. dxe5 {[%clk 01:21:30]} {[%emt 00:02:01]} dxe5 {[%clk
01:29:18]} {[%emt 00:00:16]} 13. Bh2 {[%clk 01:21:52]} {[%emt 00:00:08]} e4
{[%clk 01:28:21]} {[%emt 00:01:26]} 14. Ne1 {[%clk 01:21:00]} {[%emt 00:01:23]}
Qe7 {[%clk 01:15:55]} {[%emt 00:12:54]} 15. Nc4 {[%clk 01:18:26]} {[%emt
00:03:05]} Qe6 {[%clk 01:15:39]} {[%emt 00:00:47]} 16. Nc2 {[%clk 01:02:28]}
{[%emt 00:16:27]} Bd5 {[%clk 01:12:24]} {[%emt 00:03:45]} 17. N2a3 {[%emt
00:00:45]} Ra7 {[%clk 00:56:51]} {[%emt 00:16:00]} 18. Qc2 {[%clk 00:58:37]}
{[%emt 00:04:08]} Ne8 {[%clk 00:48:15]} {[%emt 00:09:07]} 19. Rfd1 {[%clk
00:49:43]} {[%emt 00:09:24]} b5 {[%clk 00:45:07]} {[%emt 00:03:38]} 20. axb5
{[%clk 00:46:51]} {[%emt 00:03:22]} axb5 {[%clk 00:45:21]} {[%emt 00:00:16]}
21. Nd2 {[%clk 00:47:12]} {[%emt 00:00:10]} b4 {[%clk 00:44:43]} {[%emt
00:01:07]} 22. Nac4 {[%clk 00:44:48]} {[%emt 00:02:54]} Rxa1 {[%clk 00:41:06]}
{[%emt 00:04:08]} 23. Rxa1 {[%clk 00:45:02]} bxc3 {[%clk 00:40:26]} {[%emt
00:01:25]} 24. bxc3 {[%clk 00:45:01]} {[%emt 00:00:31]} Nef6 {[%clk 00:35:08]}
{[%emt 00:05:49]} 25. Nd6 {[%clk 00:40:16]} {[%emt 00:05:14]} Qe7 {[%clk
00:12:59]} {[%emt 00:22:39]} 26. Bc4 {[%clk 00:38:21]} {[%emt 00:02:25]} Bxc4
{[%clk 00:12:19]} {[%emt 00:01:10]} 27. N2xc4 {[%clk 00:37:27]} {[%emt
00:03:30]} Qe6 {[%clk 00:07:10]} {[%emt 00:05:40]} 28. Ra7 {[%clk 00:25:00]}
{[%emt 00:12:57]} Qd5 {[%clk 00:06:01]} {[%emt 00:01:39]} 29. Qd2 {[%clk
00:14:23]} {[%emt 00:11:07]} Rb8 {[%clk 00:05:49]} {[%emt 00:00:43]} 30. g4
{[%clk 00:11:06]} {[%emt 00:03:46]} Rb1+ {[%clk 00:03:58]} {[%emt 00:02:21]}
31. Kg2 {[%clk 00:11:18]} {[%emt 00:00:18]} Qe6 {[%clk 00:02:29]} {[%emt
00:01:59]} 32. Ra8+ {[%clk 00:10:16]} {[%emt 00:01:33]} Bf8 {[%clk 00:02:34]}
{[%emt 00:00:25]} 33. Qc2 {[%clk 00:09:53]} {[%emt 00:00:53]} Rb8 {[%clk
00:02:22]} {[%emt 00:00:41]} 34. Rxb8 {[%clk 00:10:08]} {[%emt 00:00:15]}
1/2-1/2

[Event "DVM U16 2018"]
[Site "Aurich GER"]
[Date "2018.12.27"]
[Round "1"]
[White "Seref, Erdogan"]
[Black "Naumenko, Valerija"]
[Result "1/2-1/2"]
[Termination "normal"]
[Board "3.4"]
[WhiteElo "2015"]
[BlackElo "1619"]
[WhiteClock "00:04:09"]
[BlackClock "00:04:15"]
[WhiteTeam "SF Brackel"]
[BlackTeam "SV Hemer"]
[PlyCount "74"]
[WhiteFideId "16206827"]
[BlackFideId "16222890"]
[EventCountry "GER"]
[EventRounds "7"]
[EventType "team-swiss"]
[EventDate "2018.12.26"]

1. e4 {[%clk 01:30:53]} {[%emt 00:00:06]} e5 {[%clk 01:30:52]} {[%emt
00:00:09]} 2. Nf3 {[%clk 01:31:08]} {[%emt 00:00:15]} Nc6 {[%clk 01:31:15]}
{[%emt 00:00:06]} 3. d4 {[%clk 01:30:49]} {[%emt 00:00:50]} exd4 {[%clk
01:31:38]} {[%emt 00:00:06]} 4. c3 {[%clk 01:31:07]} {[%emt 00:00:13]} Nge7
{[%clk 01:31:59]} {[%emt 00:00:09]} 5. Bg5 {[%clk 01:26:20]} {[%emt 00:05:16]}
f6 {[%clk 01:24:45]} {[%emt 00:07:43]} 6. Bh4 {[%clk 01:22:45]} {[%emt
00:04:06]} d5 {[%clk 01:10:35]} {[%emt 00:14:41]} 7. exd5 {[%clk 01:21:19]}
{[%emt 00:01:56]} Qxd5 {[%clk 01:02:03]} {[%emt 00:09:02]} 8. cxd4 {[%clk
01:18:10]} {[%emt 00:03:38]} Nf5 {[%clk 00:55:41]} {[%emt 00:06:52]} 9. Nc3
{[%clk 01:14:51]} {[%emt 00:03:49]} Bb4 {[%clk 00:49:32]} {[%emt 00:06:39]} 10.
Qe2+ {[%clk 01:04:27]} {[%emt 00:10:54]} Kf7 {[%clk 00:49:30]} {[%emt
00:00:31]} 11. O-O-O {[%clk 01:01:00]} {[%emt 00:03:58]} Bxc3 {[%clk 00:47:42]}
{[%emt 00:02:19]} 12. bxc3 {[%clk 01:00:45]} {[%emt 00:00:44]} Nxh4 {[%clk
00:48:03]} {[%emt 00:00:09]} 13. Qc4 {[%clk 01:01:00]} {[%emt 00:00:15]} Be6
{[%clk 00:47:22]} {[%emt 00:01:12]} 14. Qxd5 {[%clk 00:59:56]} {[%emt
00:01:33]} Bxd5 {[%clk 00:47:46]} {[%emt 00:00:06]} 15. Nxh4 {[%clk 01:00:19]}
{[%emt 00:00:06]} Bxa2 {[%clk 00:47:48]} {[%emt 00:00:29]} 16. Nf5 {[%clk
00:50:45]} {[%emt 00:10:05]} Rab8 {[%clk 00:34:07]} {[%emt 00:14:10]} 17. Kb2
{[%clk 00:46:35]} {[%emt 00:04:40]} Be6 {[%clk 00:31:45]} {[%emt 00:02:53]} 18.
Ne3 {[%clk 00:45:39]} {[%emt 00:01:25]} Bd7 {[%clk 00:29:05]} {[%emt 00:03:10]}
19. Nd5 {[%clk 00:38:05]} {[%emt 00:08:04]} Rhc8 {[%clk 00:29:17]} {[%emt
00:00:18]} 20. c4 {[%clk 00:36:26]} {[%emt 00:02:09]} Ne7 {[%clk 00:25:34]}
{[%emt 00:04:13]} 21. Nc3 {[%clk 00:35:46]} {[%emt 00:01:11]} a6 {[%clk
00:19:35]} {[%emt 00:06:29]} 22. c5 {[%clk 00:35:02]} {[%emt 00:01:14]} Rd8
{[%clk 00:15:50]} {[%emt 00:04:14]} 23. Bc4+ {[%clk 00:33:57]} {[%emt
00:01:36]} Kf8 {[%clk 00:15:53]} {[%emt 00:00:26]} 24. Rhe1 {[%clk 00:32:50]}
{[%emt 00:01:36]} b5 {[%clk 00:14:43]} {[%emt 00:03:48]} 25. cxb6 {[%clk
00:26:23]} {[%emt 00:06:57]} Rxb6+ {[%clk 00:15:04]} {[%emt 00:00:09]} 26. Kc2
{[%clk 00:18:18]} {[%emt 00:08:36]} Rdb8 {[%clk 00:14:14]} {[%emt 00:01:20]}
27. Rb1 {[%clk 00:16:29]} {[%emt 00:02:19]} Bf5+ {[%clk 00:13:50]} {[%emt
00:00:53]} 28. Bd3 {[%clk 00:16:18]} {[%emt 00:00:41]} Bxd3+ {[%clk 00:13:46]}
{[%emt 00:00:34]} 29. Kxd3 {[%clk 00:16:42]} {[%emt 00:00:06]} Rxb1 {[%clk
00:14:06]} {[%emt 00:00:11]} 30. Rxb1 {[%clk 00:15:47]} {[%emt 00:01:24]} Rxb1
{[%clk 00:14:26]} {[%emt 00:00:10]} 31. Nxb1 {[%clk 00:16:11]} {[%emt
00:00:06]} Ke8 {[%clk 00:12:20]} {[%emt 00:02:36]} 32. Kc4 {[%clk 00:13:12]}
{[%emt 00:03:30]} Kd7 {[%clk 00:11:45]} {[%emt 00:01:05]} 33. Kc5 {[%clk
00:10:36]} {[%emt 00:03:06]} Nf5 {[%clk 00:07:21]} {[%emt 00:04:53]} 34. Nc3
{[%clk 00:10:07]} {[%emt 00:01:00]} a5 {[%clk 00:07:00]} {[%emt 00:00:51]} 35.
g3 {[%clk 00:07:24]} {[%emt 00:03:12]} c6 {[%clk 00:05:48]} {[%emt 00:01:43]}
36. d5 {[%clk 00:05:23]} {[%emt 00:02:32]} cxd5 {[%clk 00:04:49]} {[%emt
00:01:27]} 37. Kxd5 {[%clk 00:04:09]} {[%emt 00:01:45]} Ne7+ {[%clk 00:04:15]}
{[%emt 00:01:04]} 1/2-1/2

[Event "DVM U16 2018"]
[Site "Aurich GER"]
[Date "2018.12.27"]
[Round "1"]
[White "Nguyen, Alex Dac-Vuong"]
[Black "Jakob, Georg"]
[Result "1-0"]
[Termination "normal"]
[Board "4.1"]
[WhiteElo "2201"]
[BlackElo "2015"]
[WhiteTeam "SG Leipzig"]
[BlackTeam "SG Königskinder Hohentübingen"]
[PlyCount "67"]
[WhiteFideId "12984388"]
[BlackFideId "16224221"]
[EventCountry "GER"]
[EventRounds "7"]
[EventType "team-swiss"]
[EventDate "2018.12.26"]

1. e4 c5 2. Nf3 g6 3. d4 cxd4 4. Nxd4 Bg7 5. c4 Nc6 6. Nc2 Nf6 7. Nc3 O-O 8.
Be2 Ne8 9. Bd2 Nd6 10. f3 b6 11. O-O f5 12. exf5 Nxf5 13. Rb1 e6 14. b3 Ncd4
15. Kh1 Be5 16. f4 Bg7 17. Nxd4 Nxd4 18. Be3 Nf5 19. Qd2 Bb7 20. Rbd1 d5 21.
cxd5 exd5 22. Bf2 d4 23. Nb5 Qe7 24. Bc4+ Kh8 25. Rfe1 Qc5 26. Nxd4 Rad8 27.
Nxf5 Qc6 28. Bd4 gxf5 29. Bxg7+ Kxg7 30. Qc3+ Rf6 31. Re7+ Kf8 32. Rf7+ Rxf7
33. Qh8+ Ke7 34. Qxd8# 1-0

[Event "DVM U16 2018"]
[Site "Aurich GER"]
[Date "2018.12.27"]
[Round "1"]
[White "Hurm, Moritz"]
[Black "Faßhauer, Jacob"]
[Result "1-0"]
[Termination "normal"]
[Board "4.2"]
[WhiteElo "1789"]
[BlackElo "2062"]
[WhiteTeam "SG Königskinder Hohentübingen"]
[BlackTeam "SG Leipzig"]
[PlyCount "45"]
[WhiteFideId "16235150"]
[BlackFideId "12990167"]
[EventCountry "GER"]
[EventRounds "7"]
[EventType "team-swiss"]
[EventDate "2018.12.26"]

1. e4 c5 2. Nf3 e6 3. d4 cxd4 4. Nxd4 Nc6 5. Nc3 Qc7 6. Be2 a6 7. Be3 b5 8.
Nxc6 Qxc6 9. Bf3 Bb7 10. a3 Qc7 11. O-O Ne7 12. Re1 Ng6 13. Nd5 exd5 14. exd5
Ne5 15. d6 Bxf3 16. dxc7 Bxd1 17. Ba7 d6 18. Raxd1 Kd7 19. Bb8 Be7 20. Rxe5 f6
21. Red5 Kc6 22. Rh5 g6 23. Rxh7 1-0

[Event "DVM U16 2018"]
[Site "Aurich GER"]
[Date "2018.12.27"]
[Round "1"]
[White "Haufe, Laurin"]
[Black "Hurm, Yannik"]
[Result "1-0"]
[Termination "normal"]
[Board "4.3"]
[WhiteElo "1966"]
[BlackElo "1704"]
[WhiteTeam "SG Leipzig"]
[BlackTeam "SG Königskinder Hohentübingen"]
[PlyCount "83"]
[WhiteFideId "12976504"]
[BlackFideId "16235169"]
[EventCountry "GER"]
[EventRounds "7"]
[EventType "team-swiss"]
[EventDate "2018.12.26"]

1. e4 c5 2. Nf3 a6 3. c3 e6 4. d4 d5 5. exd5 exd5 6. Bd3 Nf6 7. O-O Nc6 8. Bg5
h6 9. Bh4 cxd4 10. cxd4 Be7 11. Nbd2 Qb6 12. Nb3 O-O 13. Re1 Be6 14. Rc1 Rfe8
15. Bb1 Bb4 16. Re2 Nh5 17. a3 Bf8 18. Ne5 Nxe5 19. Rxe5 g6 20. Qd3 Nf4 21. Qf3
Bd6 22. Qxf4 Bxe5 23. dxe5 Kh7 24. Nd4 Rac8 25. Rxc8 Rxc8 26. Nxe6 Qxe6 27. Bd3
Rc7 28. h3 b5 29. f3 Qc6 30. Be1 Kg7 31. Bd2 g5 32. Qf5 Kf8 33. Qh7 Ke8 34. Bf5
a5 35. Kh2 Qb6 36. Qg7 b4 37. axb4 axb4 38. e6 fxe6 39. Bg6+ Kd8 40. Qf8+ Kd7
41. Be8+ Kc8 42. Bc6# 1-0